000 01231nam0a22002771 4500
001 RU\NLR\INFOCOMM_253\5000039993
005 20250613100113.0
035 _a(NLR Aleph) 009328189
090 _a9437395
_c9437395
100 _a20100930d1965 |||y0rusy50 ca
101 0 _aspa
102 _aRU
105 _ay ||||000|y
200 1 _aMetodología de la prospección geoquímica de los yacimientos minerales enterrados por sus aureolas secundarias
_e[Conferencia dada en el Seminario internacional de los métodos geoquímicos de prospección de materias primas metálicas para los países de Asia, Africa, América Latina y de algunos países de Europa, ... del 9 al 27 agosto del año 1965 en Moscú]
_fA. N. Eremeev
_gCom. estatal de geología de la URSS
210 _aM.
_d1965
215 _a33 с.
_d20 см
309 _aОтпеч. множит. аппаратом
686 _aГн-686
_2rubbk
700 1 _aEremeev
_bA. N.
_4070
711 1 2 _aSeminario internacional de los métodos geoquímicos de prospección de materias primas metálicas
_f1965
_eMoscú
_3RU\NLR\AUTH\880619463
801 1 _aRU
_bNLR
_c20100930
801 0 _aRU
_bNLR
_gPSBO
852 _aNLR
_jГн01 Г-4/77
942 _cBOOK
980 _aNB